000 00615nam a2200229 a 4500
001 BS0001371
003 BR-BrBNA
005 20230418191721.0
008 230308b |||||||| |||| 00| 0 por d
040 _aBR-BrBNA
_bpor
_cBiblioteca Nacional de Agricultura
041 _apor
072 _aB54
090 _aB54 BS0001371
100 1 _aGoffman, E.
245 1 _aEstigma :
_bNotas sobre a manipulação da identidade deteriorada /
250 1 _a4. ed.
260 3 _aRio de Janeiro:
_bGuanabara,
_c1988.
300 _a158 p.
650 _aANTROPOLOGIA
909 _a202304
_bSergio Santos
_c56
_dSergio Santos
942 _cBK
999 _c6428
_d6428